Statistics for Countries with a Not Free Press in 2017

Click here to take the quiz!

General Stats

  • This quiz has been taken 15 times
    (2 since last reset)
  • The average score is 41 of 64

Answer Stats

Answer % Correct
Egypt
100%
Qatar
100%
Pakistan
100%
Turkey
100%
Democratic Republic of the Congo
100%
Syria
100%
Sudan
100%
Rwanda
100%
Russia
100%
Saudi Arabia
100%
Iraq
100%
Jordan
100%
Cuba
100%
China
100%
Vietnam
100%
Bangladesh
100%
Yemen
100%
North Korea
100%
Zimbabwe
100%
Iran
100%
Uzbekistan
100%
Chad
100%
Cameroon
100%
Cambodia
100%
United Arab Emirates
100%
Oman
50%
North Macedonia
50%
Thailand
50%
Venezuela
50%
Zambia
50%
Turkmenistan
50%
Morocco
50%
Sri Lanka
50%
Tajikistan
50%
South Sudan
50%
Kyrgyzstan
50%
Ecuador
50%
Djibouti
50%
Equatorial Guinea
50%
Eritrea
50%
eSwatini
50%
Central African Republic
50%
Burundi
50%
Armenia
50%
Azerbaijan
50%
Bahrain
50%
Brunei
50%
Ethiopia
50%
Gabon
50%
Laos
50%
Libya
50%
Malaysia
50%
Maldives
50%
Kazakhstan
50%
Algeria
50%
Gambia
50%
Myanmar
0%
Somalia
0%
Angola
0%
Singapore
0%
Belarus
0%
Mexico
0%
Guinea
0%
Honduras
0%

Score Distribution

Percentile by Number Answered

Percent of People with Each Score

Your Score History

You have not taken this quiz since the last reset